[Event "RUS-ch sf 58th"]
[Site "Kazan"]
[Date "2005.09.11"]
[Round "9"]
[White "Vorobiov, Evgeny E"]
[Black "Tkachiev, Vladislav"]
[Result "0-1"]
[WhiteElo "2552"]
[BlackElo "2625"]
[Annotator "Postny,E"]
[PlyCount "52"]
[EventDate "2005.09.03"]
[EventType "swiss"]
[EventRounds "9"]
[EventCountry "RUS"]
[SourceTitle "CBM 109"]
[Source "ChessBase"]
[SourceDate "2005.11.14"]
[SourceVersion "1"]
[SourceVersionDate "2005.11.14"]
[SourceQuality "1"]

1. e4 e5 2. Nf3 Nc6 3. d4 exd4 4. Nxd4 Bc5 5. Nxc6 Qf6 6. Qd2 dxc6 7. Nc3 Bd4 {
This line is Tkachiev's speciality.} 8. Bd3 (8. Bc4 {- see the annotated game
Nataf,I-Beliavsky,A/Istanbul 2003/CBM 96 [Postny,E]}) 8... Ne7 9. O-O Ng6 10.
Ne2 $5 ({The alternatives are:} 10. Qe1) ({and the main line} 10. Kh1 {[%cal
Gf2f4]}) 10... Bb6 ({Black can grab the pawn, but White gets a long-lasting
initiative in this case:} 10... Bxb2 $5 11. Bxb2 Qxb2 12. f4 Ne7 (12... Qa3 13.
f5 Ne5 14. Qg5 Bd7 15. Qxg7 Qc5+ 16. Kh1 O-O-O 17. Qf6 h5 18. h3 Kb8 19. Rf4
Bc8 20. Rh4 Rhg8 21. Rf1 Rd6 22. Qe7 Qa5 23. Rxh5 Rd7 24. Qf6 Rd6 25. Qe7 Rd7
26. Qf6 Rd6 27. Qe7 Rd7 {1/2-1/2 Smeets,J-Beliavsky,A/Maribor 2004/CBM 102 ext
(27)}) 13. Rab1 Qa3 14. Qe3 b6 15. Rb3 Qa5 16. Qg3 Be6 17. Rc3 g6 18. f5 gxf5
19. exf5 Rg8 20. Qxc7 Rc8 21. Qd6 Qd5 22. Qxd5 Bxd5 23. Nf4 $36 {1-0
Tseshkovsky,V-Geller,J/Krasnodar 2003/EXT 2005 (49)}) 11. Nf4 (11. Ng3 Ne5 12.
Be2 O-O {0-1 Rublevsky,S-Akopian,V/Sochi 2004/CBM 101 [Postny,E] (48)}) 11...
Ne5 {Black correctly avoids the exchange. Basically, the exchange of pieces,
especially queens, favours White in this kind of positions. In an endgame
White's chances to make use of his kingside pawns majority are much higher.}
12. Be2 O-O (12... Ng4 13. Nd3 Qh4 14. Qf4 g5 15. Qg3 Qxg3 16. hxg3 Rg8 17.
Bxg4 Bxg4 18. Re1 c5 19. Be3 c4 20. Nc5 O-O-O 21. f3 Bh5 22. g4 Bg6 23. Kf2 $14
{1-0 Kovalevskaya,E-Stefanova,A/Krasnoturinsk 2003/CBM 95 ext (53)}) 13. Nd3
$146 (13. Qc3 Re8 14. Qg3 Bd7 (14... Ng6 15. Nxg6 hxg6 16. Bd3 Be6 17. e5 Qe7
18. Bd2 Qd7 19. Bc3 Bd4 20. Be4 Bxc3 21. Qxc3 Rad8 22. f4 Qd4+ 23. Qxd4 Rxd4
24. Bd3 Red8 $11 {1/2-1/2 Vuckovic,B-Solozhenkin,E/Paris 2004/CBM 101 ext (50)}
) 15. Bd2 Ng6 16. Nxg6 Qxg6 17. Qxg6 hxg6 18. Bd3 $14 {1-0 Kovchan,A-Farakhov,
R/Noyabrsk 2003 (42)}) 13... Ng6 14. Re1 {This plan does not seem to be the
strongest.} (14. Kh1 {can be recommended:} Re8 15. f3 {[%cal Gd2e1,Ge1g3]})
14... h6 15. Bf1 Be6 16. a4 {[%csl Rb6][%cal Ga4a5]} a5 17. e5 $6 {This move
seriously weakens the light squares in the centre.} (17. Qe2 $11 {[%cal Gc1e3]}
) 17... Qf5 18. Qc3 $2 {White wants to play Bc1-e3, but black's next move
frustrates his plans.} (18. b3 {[%cal Gc1b2] should have been prefered.}) 18...
Ne7 $1 19. Qd2 {White's play clearly indicates that he lost the track.} Rad8
20. Qf4 Qg6 21. b3 Rd4 22. Qd2 (22. Qg3 Rg4 23. Qf3 Nf5 $40) 22... Nf5 23. Qe2
Bd5 24. c4 $2 {This loses right away.} (24. Nf4 Rxf4 $1 25. Bxf4 Nd4 26. Qd3
Nf3+ (26... Nxc2 $19) 27. Kh1 Nxe1 28. Rxe1 (28. Qxg6 $2 fxg6 $19 {[%csl Rf4]
[%cal Gf8f4]}) 28... Bxf2 {with a pawn up and a winning position.}) ({The
least of the evils for white would have been} 24. Bf4 Be4 25. Qd2 Bxd3 26. cxd3
(26. Bxd3 Qg4 27. Bg3 Nxg3 28. hxg3 Qxg3 $19) 26... Rfd8 $17) {[%tqu "En",
"Find the winning strike.","","","d5g2","",10]} 24... Bxg2 $1 25. Bxg2 Nh4 26.
Qf1 Nxg2 (26... Nxg2 27. Qxg2 Rg4 $19) 0-1

[Event "Dortmund Gr-A"]
[Site "Dortmund"]
[Date "2004.07.27"]
[Round "6"]
[White "Rublevsky, Sergei"]
[Black "Naiditsch, Arkadij"]
[Result "0-1"]
[WhiteElo "2686"]
[BlackElo "2574"]
[Annotator "Postny,E"]
[PlyCount "78"]
[EventDate "2004.07.22"]
[EventType "tourn"]
[EventRounds "6"]
[EventCountry "GER"]
[EventCategory "18"]
[SourceTitle "CBM 102"]
[Source "ChessBase"]
[SourceDate "2004.09.23"]
[SourceVersion "1"]
[SourceVersionDate "2004.09.23"]
[SourceQuality "1"]

1. e4 e5 2. Nf3 Nc6 3. d4 exd4 4. Nxd4 Bc5 5. Nb3 {In Dortmund 2004 Rublevsky
played four (!) games in this solid, but unambitious line.} Bb6 ({Rare, but
playable move is} 5... Bb4+ {--> 1/2-1/2 Zelcic,R-Romanishin,O/Solin/Spilt
2002/CBM 93 [Postny,E] (41)}) 6. Nc3 (6. a4 Qf6 {--> 0-1 Korneev,O-Moreno
Carnero,J/Dos Hermanas 2001/CBM 83 [Postny,E] (58)}) 6... d6 ({Few rounds ago
Anand choose} 6... Nge7 7. Bg5 O-O 8. Qd2 d6 9. O-O-O f6 10. Bh4 a5 11. Bb5 Be6
12. f4 Qe8 13. Kb1 Qf7 14. Rhe1 Bc4 15. Bxc4 Qxc4 16. Nd5 Nxd5 17. Qxd5+ Qxd5
18. exd5 a4 19. dxc6 axb3 20. axb3 bxc6 21. Re2 Rfe8 22. Rde1 {1/2-1/2
Rublevsky,S-Anand,V/Dortmund 2004/CBM 102 (22)}) 7. a4 a6 8. Nd5 Ba7 9. Be3 (9.
Be2 Nf6 10. O-O Nxd5 11. exd5 Ne5 12. Bf4 Ng6 13. Bg3 O-O 14. Qd2 Bd7 15. Rfe1
Qf6 $11 {1-0 Adams,M-Kotronias,V/Chalkidiki 1993/CBM 38 (39)}) 9... Bxe3 {
This move seems more logical than to allow white to take on a7, like in the
game Rublevsky-Svidler, which was played in the same tournament two rounds
before.} (9... Nf6 10. Bxa7 Rxa7 11. Bd3 O-O 12. O-O Re8 13. Re1 Be6 14. c4 a5
15. Rc1 Bd7 16. Bb1 Ra8 17. Rc3 Nb4 18. Nd4 Nfxd5 19. cxd5 c6 20. dxc6 bxc6 $11
{1/2-1/2 Rublevsky,S-Svidler,P/Dortmund 2004/CBM 102 (36)}) 10. Nxe3 Nf6 11.
Bd3 O-O (11... Ne5 {--> 1/2-1/2 Van der Wiel,J-Stefanova,A/Wijk aan Zee 2002/
CBM 87 [Postny,E] (51)}) 12. O-O Re8 ({Few days later, in the match for the
5-6 places in Dortmund there was another game between the same opponents:} 
12... Ne5 13. f4 Nfg4 14. Nxg4 Bxg4 15. Qd2 Nxd3 16. cxd3 c5 17. f5 f6 18. a5
$14 {1/2-1/2 Rublevsky,S-Naiditsch,A/Dortmund 2004/The Week in Chess 508 (60)})
13. f3 Be6 14. c4 $1 {Basically, white can hope for a slight edge here thanks
to the space advantage. On the other hand, black has no weaknesses and usually
he gets sufficient counterplay using the weakened dark squares in white's camp.
} a5 (14... Nd7 15. Rf2 Nc5 16. Bf1 a5 17. Ra3 Nxb3 18. Rxb3 Nb4 19. Rc3 Na6
20. Bd3 Nc5 21. Bc2 Ra6 22. Qd4 $14 {1-0 Van der Wiel,J-Straeter,T/Germany
2003/EXT 2004 (40)}) 15. Rf2 Nd7 (15... Qb8 16. Rc1 Qa7 17. Nd5 Bxd5 18. cxd5
Nb4 19. Bb5 Rec8 20. Qd4 $14 {1-0 Van der Wiel,J-Winants,L/Antwerp 1993/CBM 37
(57)}) (15... b6 16. Bc2 Nd7 17. Nd4 Nxd4 18. Qxd4 Qf6 19. Qxf6 Nxf6 20. g4 $14
{1/2-1/2 Van der Wiel,J-Pinter,J/Manila 1992/TD (61)}) 16. f4 {[%csl Re6][%cal
Gf4f5]} f6 17. Rd2 Qb8 $1 $146 {[%cal Yb8a7,Ya7g1][%mdl 2048] Typical and nice
manoeuvre. In spite of the lack of space, black finds optimal locations for
his pieces, his position is not worse.} (17... Nb4 18. Bb1 Qe7 19. Nd4 Nc5 20.
Ra3 Bd7 21. Nef5 Qf8 22. Rg3 g6 23. Qh5 $40 {1-0 Van der Wiel,J-Gomez Esteban,
J/Linares 1995/CBM 51 (31)}) 18. Kh1 Qa7 19. Nd5 {[%csl Rc7]} Rac8 20. Qh5 $6 {
This is probably too optimistic.} ({Possible was} 20. Qg1 Qxg1+ 21. Kxg1 {
, though white does not achieve much here.}) 20... f5 $1 {This strong move
emphasizes the drawbacks of white's last move.} 21. Rad1 (21. exf5 $6 Bxd5 22.
cxd5 Nf6 23. Qh4 Nb4 {is in black's favour.}) (21. Re1 $6 Nb4 22. exf5 Bf7 $15)
(21. Qh4 $5 Bf7 22. exf5 Bxd5 23. cxd5 Nb4 24. Bb5 c6 25. dxc6 bxc6 26. Bf1 Nf6
$44) 21... Nb4 $1 22. e5 (22. Nxb4 axb4 23. exf5 Bf7 24. Qh4 Re3 $36) 22... g6
23. Qh4 $2 {Wrong square for the queen.} ({The only way to escape for a draw
was} 23. Qg5 Bxd5 24. Bxf5 Bxc4 25. Bxg6 hxg6 26. Qxg6+ {and white gives a
perpetual.}) 23... Bxd5 24. cxd5 Nxd3 25. Rxd3 dxe5 26. d6 (26. Rh3 Nf8 $17)
26... cxd6 27. Rxd6 Nf8 {White just lost a pawn for nothing.} 28. h3 (28. Qe1
exf4 29. Qxa5 Qxa5 30. Nxa5 Rc2 $19 {[%csl Gc2,Ge8][%cal Re8e2]}) 28... Qe3 {
The invasion of black's queen is decisive. White is a pawn down and is not
able neither to cover his numerous weaknesses, nor to create counterthreats.}
29. R6d3 (29. Nxa5 exf4 $19) 29... Qe4 $19 30. Qf2 Qxa4 31. Nc5 Qxf4 32. Qxf4
exf4 33. Nxb7 Rb8 34. Nd6 Re2 35. b3 Ne6 36. Nc4 Nc5 37. Rd5 Ne4 {The
forthcoming mating net puts an end to white's suffering.} 38. Ra1 Rxb3 39. Nxa5
Rbb2 0-1

[Event "Bundesliga 0203"]
[Site "Germany"]
[Date "2003.02.09"]
[Round "11.6"]
[White "Hertneck, Gerald"]
[Black "Holzke, Frank"]
[Result "1-0"]
[WhiteElo "2502"]
[BlackElo "2479"]
[Annotator "Postny,E"]
[PlyCount "105"]
[EventDate "2002.10.19"]
[EventType "team-tourn"]
[EventRounds "15"]
[EventCountry "GER"]
[SourceTitle "CBM 094"]
[Source "ChessBase"]
[SourceDate "2003.05.26"]
[SourceVersion "1"]
[SourceVersionDate "2003.05.26"]
[SourceQuality "1"]
[WhiteTeam "Tegernsee"]
[BlackTeam "Wattenscheid"]
[WhiteTeamCountry "GER"]
[BlackTeamCountry "GER"]

1. e4 e5 2. Nf3 Nc6 3. d4 exd4 4. Nxd4 Nf6 5. Nxc6 bxc6 6. e5 Qe7 7. Qe2 Nd5 8.
c4 Nb6 9. g3 {More popular moves are: 9.Nc3 and 9.Nd2.} Qe6 ({The most common
alternatives are:} 9... g6) (9... a5) 10. b3 {This is a flexible way of play.
White's knight remains on b1 for a while, keeping an option to be developed on
d2 or c3 according to circumstances.} a5 (10... Bb4+ 11. Bd2 Bxd2+ 12. Nxd2 O-O
13. Bg2 f6 14. exf6 Qxf6 15. O-O d5 16. Rfe1 Bd7 17. f4 Rae8 18. Qf2 g5 19.
Rxe8 Bxe8 20. Rf1 gxf4 21. gxf4 Bg6 $11 {1/2-1/2 Hoekstra,M-Akhmilovskaya,E/
Seattle 2002/CBM 87 (27)}) 11. Bg2 a4 12. Bb2 Bb4+ 13. Nd2 {This position can
be reached by various moves order: white can play Nd2 first, and then b3 and
g3, or black can play a5 before Qe6 etc.} O-O (13... a3 $6 14. Bd4 {- see the
commented game Hector,J-Wedberg,T/Malmo 2001/CBM 84 [Postny]}) 14. O-O d5 15.
Nf3 $6 (15. f4 Qg6 16. Nf3 Qh5 17. Rfc1 axb3 18. axb3 Rxa1 19. Bxa1 dxc4 20.
bxc4 c5 21. Qe4 {1/2-1/2 Kristjansson,S-Gretarsson,H/Reykjavik 2002/CBM 87 ext
(21)}) 15... Qg6 $6 $146 ({Black can seize the initiative after tempting} 15...
a3 16. Bd4 c5 17. Be3 Ba6 {- see the game Nielsen,P-Dautov,R/Bad Lauterberg
1991/CBM 27}) 16. Nh4 Qg4 17. Bf3 Qd7 {Black lost a few tempoes with his queen,
on the other hand white's pieces on the kingside did not occupy impressive
positions either.} 18. Rfd1 axb3 ({Comes into consideration} 18... a3 19. Bd4
c5 20. Be3 c6) 19. axb3 Rxa1 20. Bxa1 Qe7 {Moving the queen away from
unpleasant pin on the "d" file.} 21. Bg4 $6 ({Stronger seems to be} 21. Qc2 Rd8
22. Nf5 Bxf5 23. Qxf5 $14 dxc4 24. Rxd8+ Qxd8 25. e6 $36) 21... dxc4 (21... Be6
$6 22. Nf5 $14) 22. Bxc8 Rxc8 23. Nf5 $1 (23. bxc4 Qe6 {[%csl Rc4]}) 23... Qg5
(23... Qe6 24. Nd4 Qg6 25. bxc4 $14) 24. Qe4 Rd8 (24... cxb3 $2 25. e6 $40) 25.
Rf1 $1 (25. Rxd8+ Qxd8 26. e6 Qd1+ 27. Kg2 Qxa1 (27... Qd5 28. Qxd5 cxd5 29. e7
$16) 28. e7 Bxe7 29. Qxe7 Qa8 {and white's initiative is not sufficient for a
win.}) 25... Qg6 ({Again very dangerous for black is} 25... cxb3 26. e6) 26.
bxc4 Qe6 ({Possible was the prophylactic move} 26... Bf8 {, though white keeps
slight advantage.}) 27. Nd4 $6 {White decides to sacrifice a pawn for the
initiative, but objectively speaking this is a dubious decision.} (27. Rc1 {
[%csl Yc4]} Ba3 28. Nd4 $14) 27... Qxc4 28. e6 {[%csl Ga1]} fxe6 (28... Bc5 29.
Qe5 Bxd4 30. Bxd4 Qxd4 31. e7 Qd7 $8 32. exd8=Q+ Qxd8 $16) 29. Qe5 {[%csl Re6,
Rg7]} Bc3 $2 {Probably black has overestimated the danger to his position.} (
29... Rd7 $1 {[%csl Yg7][%cal Yd7g7] This strong defensive move should have
been played. White does not have sufficient compensation for the sacrificed
material, though the position remains sharp.}) 30. Bxc3 Qxc3 31. Qxe6+ Kh8 32.
Nxc6 {White regained the pawns, and now has the initiative for nothing.} Ra8 {
The safest square for the rook.} 33. Ne5 {[%csl Ge5,Ge6,Rh8]} h6 34. h4 Qd4 $6
({Can be recommended} 34... Ra5 {[%csl Ge5] trying to drive away the white
knight from it's superb position.}) 35. h5 Qd5 {It is easy to understand
black's willing to swap queens, but now he is landing into the bad endgame. On
the other hand, it is hard to recommend something better.} 36. Nf7+ Kg8 (36...
Kh7 37. Qg6+ Kg8 38. Nxh6+ $18) 37. Nxh6+ Kh8 38. Nf7+ Kg8 39. Ng5+ Qxe6 40.
Nxe6 $18 Ra5 41. g4 {White's advantage is sufficient for a win.} Nd5 42. Rc1
Ra4 43. f3 Ra2 44. Rc5 Rd2 45. Ng5 Kf8 46. Ne4 Rd3 47. Kf2 Ke7 48. Rc6 Rb3 49.
Rg6 {White's combined forces creates an attack on black's king even in the
endgame.} Kf7 50. Rg5 Rd3 51. Rf5+ Kg8 52. Nc5 Rd1 53. Ne6 1-0

[Event "Poikovsky Karpov 11th"]
[Site "Poikovsky"]
[Date "2010.06.10"]
[Round "8"]
[White "Rublevsky, Sergei"]
[Black "Sokolov, Ivan"]
[Result "0-1"]
[WhiteElo "2704"]
[BlackElo "2654"]
[Annotator "Postny,E"]
[PlyCount "66"]
[EventDate "2010.06.02"]
[EventType "tourn"]
[EventRounds "11"]
[EventCountry "RUS"]
[EventCategory "18"]
[SourceTitle "CBM 137"]
[Source "ChessBase"]
[SourceDate "2010.07.15"]
[SourceVersion "1"]
[SourceVersionDate "2010.07.15"]
[SourceQuality "1"]

1. e4 e5 2. Nf3 Nc6 3. d4 exd4 4. Nxd4 Nf6 5. Nxc6 bxc6 6. e5 Qe7 7. Qe2 Nd5 8.
c4 Nb6 9. Nc3 Qe6 10. Qe4 Ba6 11. b3 O-O-O 12. Bb2 Re8 {The players entered
into one of the forced, tactical lines, where both sides need to be well
prepared.} 13. c5 (13. f4 f6 14. O-O-O fxe5 15. c5 Bxf1 16. cxb6 Ba6 17. Qa4
Kb7 18. bxc7 d5 19. Rhe1 Bc5 $1 {I mentioned this move as a possible
improvement in one of my comments some years beforehand. The current game
proved that Black is not worse in this line.} 20. Rxe5 Qg6 21. Rdxd5 cxd5 22.
Qd7 Rc8 23. Re6 Be3+ 24. Rxe3 Rxc7 25. Qxd5+ Qc6 26. Qxc6+ Rxc6 $11 {1/2-1/2
Zelcic,R (2554)-Rogic,D (2512)/Pula 2007/CBM 119 ext (41)}) 13... Bxf1 14. cxb6
d5 $1 {The key move for Black's counterplay.} 15. bxa7 Kb7 (15... dxe4 $6 16.
a8=Q+ Kd7 17. O-O-O+ (17. Qa4 Bd3 18. Nxe4 Ra8 $1 19. Qd4+ (19. Qxa8 $4 Bb4+
$19 {[%csl Ra8]}) 19... Qd5 20. Qxd5+ cxd5 21. Nc3 c6 $44) 17... Bd3 18. Qa5
Qxe5 19. Qxe5 Rxe5 20. Nxe4 Rxe4 21. Rxd3+ Bd6 $14 {[%csl Ga2] White has some
winning chances thanks to his passed pawn.}) 16. Qf3 Ba6 17. O-O-O Qh6+ {
In the game Macieja,B-Sermek,D/Vidmar memorial 2001, both players decided to
call it a day already in this position. Luckily, in our case the game
continued.} 18. Kb1 Qg6+ 19. Ka1 Rxe5 20. Na4 Re4 ({Very risky for Black is:} 
20... Be2 $6 21. Qc3 Re6 22. Qa5 Bd6 23. Rc1 {[%cal Gb2d4]}) 21. Rc1 {White is
going to press down the c-file.} Bb4 $6 {This seems to me a waste of time,
since White is going to play Na4-c5 anyway.} (21... Kxa7 22. Nc5 Bxc5 23. Rxc5
Rhe8 24. Qc3 Qxg2 (24... d4 25. Qa5 Qd6 26. Rd1 d3 27. Bxg7 Kb7 28. Bc3 {
leads to a dynamically balanced position.}) 25. Rc1 Bb7 26. Rxc6 Bxc6 27. Qxc6
Qxh2 28. Bd4+ Kb8 29. Qa6 Rxd4 30. Qb5+ Ka7 31. Qa5+ $11) 22. Nc5+ Bxc5 23.
Rxc5 d4 $2 {In the game it worked, but in fact it's a mistake.} (23... Kxa7 24.
Rhc1 Re6 25. Bd4 Kb8 26. Qc3 Qd3 27. Qxd3 Bxd3 28. Rxc6 Rxc6 29. Rxc6 Re8 {
White is pressing, but Black should be able to hold on thanks to the opposite
coloured bishops.}) 24. Rhc1 Be2 25. Qh3 d3 26. Qd7 $4 {This blunder turns the
tables on the spot.} (26. Rxc6 $1 Qxc6 27. Rxc6 Kxc6 {[%tqu "En","Can you spot
the best move for White?","","","h3h7","This is hard to see for a human player
in advance. Suddenly, the Pa7 plays decisive role in the game.",10]} 28. Qxh7
$3 {This is hard to see for a human player in advance. Suddenly, the Pa7 plays
decisive role in the game.} Ree8 (28... Rxh7 29. a8=Q+ $18 {[%csl Re4][%cal
Ga8e4]}) 29. Qxg7 $18 {Black's d-pawn is going nowhere.}) {[%tqu "En","Please
enter a move for Black.","","","g6d6","Now White can't avoid the exchange of
queens, and the d-pawn will cost him a piece.",5]} 26... Qd6 $1 $19 {Now White
can't avoid the exchange of queens, and the d-pawn will cost him a piece.} 27.
Qf5 Rf4 28. Qe5 Qxe5 29. Rxe5 Rd8 30. Bc3 d2 31. Bxd2 Rxd2 32. f3 Rf6 33. Re1
Ba6 0-1

[Event "Dos Hermanas-A"]
[Site "Dos Hermanas"]
[Date "2001.04.24"]
[Round "6"]
[White "Azmaiparashvili, Zurab"]
[Black "Sokolov, Ivan"]
[Result "1-0"]
[WhiteElo "2670"]
[BlackElo "2659"]
[Annotator "Postny,E"]
[PlyCount "69"]
[EventDate "2001.04.19"]
[EventType "tourn"]
[EventRounds "9"]
[EventCountry "ESP"]
[EventCategory "16"]
[SourceTitle "CBM 083"]
[Source "ChessBase"]
[SourceDate "2001.07.05"]
[SourceVersion "1"]
[SourceVersionDate "2001.07.05"]
[SourceQuality "1"]

1. e4 e5 2. Nf3 Nc6 3. d4 exd4 4. Nxd4 Bc5 5. Be3 Qf6 6. c3 Nge7 7. Bc4 Ne5 8.
Be2 d5 {Other common alternatives are 8...0-0, 8...Qg6.} 9. O-O O-O 10. f4 (10.
Nd2 Bb6 11. f4 Qh6 12. Kh1 dxe4 13. Nxe4 N5c6 14. Bc4 Nxd4 15. Bxd4 Be6 16.
Bxe6 Qxe6 17. Re1 Bxd4 18. Qxd4 Nf5 19. Qc5 Rfe8 20. Qf2 {1/2-1/2 Sveshnikov,
E-Smyslov,V/Tilburg 1992/CBM 32 (20)}) 10... N5c6 11. e5 Qg6 12. Qd2 $146 (12.
Bd3 Qg4 (12... Bxd4 $1 13. cxd4 Bf5) 13. Qc2 h6 (13... Bxd4 $142 {[%cal Yc8f5]}
) 14. Rf3 Bxd4 15. Bxd4 Bf5 16. h3 Bxd3 17. Qxd3 Qf5 18. Qd2 Nd8 19. Na3 Qd7
20. Raf1 Nf5 21. g4 Nh4 22. Rg3 Ne6 23. Be3 Qd8 24. Nb5 a6 25. Nd4 $14 {
1-0 Jahnz,F-Beck,A/GER 1997/EXT 2001 (71)}) 12... Bxd4 ({Cann't be recommended
} 12... Nxd4 $2 13. cxd4 Bb6 {.The bishop on b6 is actually out of the game.})
13. cxd4 h5 $1 {[%mdl 32]} ({Worse is} 13... Bg4 {because after} 14. Bxg4 Qxg4
15. h3 Qg6 16. g4 {Black doesn't manage to blockade white pawns on the
kingside.}) 14. Nc3 Bf5 (14... Bg4 $1 15. Bxg4 (15. Bd3 Bf5) 15... hxg4 16. Qf2
(16. f5 Nxf5 17. Nxd5 Rad8 $17) 16... f5 $15 {[%csl Ye3]}) 15. Bf3 Rad8 16. Ne2
{[%cal Ye2g3]} Bg4 (16... Be4 $144 17. Ng3 ({Not dangerous for black is:} 17.
f5 $6 Nxf5 18. Nf4 Qh6) 17... Bxf3 18. Rxf3 h4 (18... Nf5 19. Nxf5 Qxf5 20. Rg3
{[%cal Gg3g5]} f6 $13) 19. f5 $5 Qh7 20. Ne2 (20. f6 $2 hxg3 21. fxe7 Qxh2+ 22.
Kf1 Nxe7 $17) 20... Nxf5 21. Bg5 f6 22. exf6 gxf6 23. Raf1 Nce7 $8 $15) 17. Ng3
h4 $6 {A risky move.} ({More consequent is:} 17... Bxf3 18. Rxf3 h4 $1 {
look at the previous comment.}) 18. f5 $1 Bxf5 (18... Nxf5 19. Nxf5 (19. Bxg4 {
is probably better, as after} Nxe3 20. Qxe3 hxg3 21. Bf5 gxh2+ 22. Kxh2 Qh5+
23. Bh3 {white has good compensation for the pawn.}) 19... Bxf5 20. Bg5 Nxd4
21. Bxd8 Nxf3+ 22. Rxf3 Rxd8 23. Qf2 Be4 24. Qxh4 Re8 25. Rf2 {with
approximately equal chances.Black shouldn't be worse.}) 19. Nh5 h3 $2 {A very
careless move.} ({Necessary was} 19... Be4 20. Nf4 Qh7 {White has a
compensation for the pawn, but nothing more.}) 20. Rf2 ({Possible is immediate
} 20. Nf4 Qh7 21. g4 {although after} Be4 22. Rac1 Ng6 23. Nh5 {in compare
with the game white is a tempo down.}) 20... Qh7 (20... Be4 {is already met by}
21. Nf4 {capturing the Ph3.}) 21. g4 Bg6 (21... Be4 22. Be2 $16) 22. Nf4 Be4
23. Rc1 ({After inaccurate} 23. Nh5 $6 {black could stir complications with}
Bxf3 24. Rxf3 Qe4 25. Rg3 Ng6) 23... Ng6 (23... Bxf3 24. Rxf3 $16 {[%csl Rh3]})
24. Nh5 Rde8 (24... Nh4 25. Be2 {[%cal Ge3g5]}) 25. Bg5 Ngxe5 {A desperate
sacrifice, but a good advice for black is worth a gold-white has total control
on the kingside.} (25... f5 {doesn't help too much as well:} 26. exf6 Bxf3 27.
Rxf3 Re4 28. Rg3 Rxg4 (28... Nxd4 29. Rxc7 $18) 29. Rxg4 Qxh5 30. Rg3 gxf6 31.
Bf4 $16) 26. dxe5 Nxe5 (26... Qg6 27. Bxe4 dxe4 (27... Qxe4 28. Nxg7 Qxg4+ 29.
Kf1 Kxg7 30. Bh6+ Kg8 31. Rc3 $18 {[%cal Rc3g3]}) 28. Rxc6 $1 bxc6 (28... Qxc6
29. Nf6+ $1 gxf6 30. Bxf6 $18 {[%cal Rd2g5]}) 29. Rf5 $16 {[%csl Re4,Ge5,Gf5,
Gg4,Gg5,Rh3,Gh5][%cal Yd2e3]}) 27. Be2 c6 {[%tqu "En","How to develope white's
attack?","","","g5f6","",10]} 28. Bf6 $1 {[%mdl 128]} Qg6 29. g5 $1 Nd3 ({
The best practical chance was} 29... gxf6 30. Rxf6 Qh7 31. Rfxc6 Qxh5 32. Bxh5
bxc6) 30. Nxg7 Nxf2 (30... Nxc1 31. Qxc1 $18) 31. Bh5 Qh7 32. Qxf2 Bg2 (32...
Ra8 33. Rc3 $18 {[%cal Gc3h3]}) 33. Bg4 {[%cal Gg4f5]} Qe4 34. Nf5 {[%cal
Gf5h6]} Re5 35. Qh4 {[%csl Yd4,Ye3][%cal Rh4h8,Yf5d4,Yf5e3]} 1-0